00549nam a2200169Ia 4500003000400000008004100004040001600045082001800061100003400079245010100113260006100214300000800275490000500283650003400288650002100322650003600343GCL140319s9999 xx 000 0 ara d aGCL / cGCL04a657.45bع ر1 aعبدالفتاح الصحن10aالرقابة المالية دراسة ونقد وتحليل / cعبدالفتاح الصحن a[S.N] : bمؤسسة شباب الجامعة ، c1988 a432 a04aمحاسبة التكاليف04aالمحاسبة04aالمراقبة المالية